LEADER 01162nam--2200373---45-- 001 990000457160203316 010 $a1-57231-805-8 035 $a0045716 035 $aUSA010045716 035 $a(ALEPH)000045716USA01 035 $a0045716 100 $a20010521d2000----km-y0ITAy0103-------ba 101 0 $aENG 102 $aUS 200 1 $aMicrosoft Windows 2000 distribuited systems guide$fMicrosoft Corporation (ed.) 210 $aWashington$cMicrosoft Press$dcopyr. 2000 215 $aXLVII, 1650 p.$cill.$d25 cm 410 $12001 610 1 $aSistema operativo Windows 610 1 $aProgramma Microsoft Windows 2000 676 $a005.44 702 1$aMicrosoft Corporation 801 0$aITA$bCBS$gISBD 912 $a990000457160203316 951 $a005.44 MIC$b0026397 CBS$c005.44$d00108328 959 $aBK 969 $aSCI 979 $aALANDI$b90$c20010521$lUSA01$h1137 979 $aALANDI$b90$c20010521$lUSA01$h1214 979 $aALANDI$b90$c20010601$lUSA01$h1250 979 $c20020403$lUSA01$h1654 979 $aPATRY$b90$c20040406$lUSA01$h1632 996 $aMicrosoft Windows 2000 distribuited systems guide$9889514 997 $aUNISA LEADER 02670nam 2200733 a 450 001 9910454946903321 005 20200520144314.0 010 $a0-8122-7906-9 010 $a0-8122-0550-2 010 $a1-283-89037-2 010 $a0-585-12645-3 024 7 $a10.9783/9780812205503 035 $a(CKB)111004368587822 035 $a(SSID)ssj0000110979 035 $a(PQKBManifestationID)11145422 035 $a(PQKBTitleCode)TC0000110979 035 $a(PQKBWorkID)10065422 035 $a(PQKB)11600243 035 $a(MiAaPQ)EBC3441968 035 $a(OCoLC)794702343 035 $a(MdBmJHUP)muse17894 035 $a(DE-B1597)449250 035 $a(OCoLC)843080170 035 $a(OCoLC)979628020 035 $a(OCoLC)987941848 035 $a(DE-B1597)9780812205503 035 $a(Au-PeEL)EBL3441968 035 $a(CaPaEBR)ebr10642720 035 $a(CaONFJC)MIL420287 035 $a(EXLCZ)99111004368587822 100 $a19830617d1983 uy 0 101 0 $aeng 135 $aurcn||||||||| 181 $ctxt 182 $cc 183 $acr 200 10$aBeyond objectivism and relativism$b[electronic resource] $escience, hermeneutics, and praxis /$fRichard J. Bernstein 210 $aPhiladelphia $cUniversity of Pennsylvania Press$d1983 215 $axix, 284 p 300 $aIncludes indexes. 311 $a0-8122-1165-0 320 $aIncludes bibliographical references and indexes. 327 $apt. 1. Beyond objectivism and relativism : an overview -- pt. 2. Science, rationality, and incommensurability -- pt. 3. From hermeneutics to praxis -- pt. 4. Praxis, practical discourse, and judgment. 330 $aDrawing freely and expertly from Continental and analytic traditions, Richard Bernstein examines a number of debates and controversies exemplified in the works of Gadamer, Habermas, Rorty, and Arendt. He argues that a "new conversation" is emerging about human rationality-a new understanding that emphasizes its practical character and has important ramifications both for thought and action. 606 $aHermeneutics 606 $aScience$xPhilosophy 606 $aObjectivity 606 $aRelativity 606 $aPractice (Philosophy) 608 $aElectronic books. 615 0$aHermeneutics. 615 0$aScience$xPhilosophy. 615 0$aObjectivity. 615 0$aRelativity. 615 0$aPractice (Philosophy) 676 $a121/.68 700 $aBernstein$b Richard J$044847 801 0$bMiAaPQ 801 1$bMiAaPQ 801 2$bMiAaPQ 906 $aBOOK 912 $a9910454946903321 996 $aBeyond objectivism and relativism$9712684 997 $aUNINA LEADER 01284nam a22003495i 4500 001 991002238749707536 007 cr nn 008mamaa 008 121227s1986 gw | s |||| 0|eng d 020 $a9783540473503 035 $ab14142788-39ule_inst 040 $aBibl. Dip.le Aggr. Matematica e Fisica - Sez. Matematica$beng 082 04$a515$223 084 $aAMS 34G10 084 $aAMS 34G20 084 $aAMS 45N05 245 00$aDifferential equations in Banach spaces$h[e-book] :$bproceedings of a conference held in Bologna, july 2-5, 1985 /$cedited by Angelo Favini, Enrico Obrecht 260 $aBerlin :$bSpringer,$c1986 300 $a1 online resource (x, 306 p.) 440 0$aLecture Notes in Mathematics,$x0075-8434 ;$v1223 650 0$aMathematics 650 0$aGlobal analysis (Mathematics) 650 0$aBiology$xMathematics 650 0$aStatistics 700 1 $aFavini, Angelo 700 1 $aObrecht, Enrico 773 0 $aSpringer eBooks 856 40$uhttp://dx.doi.org/10.1007/BFb0099177$zAn electronic book accessible through the World Wide Web 907 $a.b14142788$b03-03-22$c05-09-13 912 $a991002238749707536 996 $aDifferential equations in Banach spaces$980161 997 $aUNISALENTO 998 $ale013$b05-09-13$cm$d@ $e-$feng$ggw $h0$i0